| 000 | 00781nam a2200301 a 4500 | ||
|---|---|---|---|
| 003 | AR-BaBNM | ||
| 005 | 20251128204603.0 | ||
| 008 | 082120s2002 ||||||||||||||000 | spa|| | ||
| 020 | _a950-556-270-X | ||
| 040 | _cAR-BaBNM | ||
| 100 | 1 | _aVeltrusky, Jirí | |
| 245 | 0 | 0 | _aEl drama como literatura |
| 260 |
_aBuenos Aires _bGalerna _bIITCTL _c1990 |
||
| 300 | _a119 p. | ||
| 490 | 0 |
_aTeoría y práctica del teatro _vv. 5 |
|
| 650 | 4 | _aCRITICA LITERARIA | |
| 650 | 4 | _aTEATRO | |
| 650 | 4 | _aSEMIOLOGIA | |
| 650 | 4 | _aENSAYO | |
| 650 | 4 | _aARTES ESCENICAS | |
| 653 | _aCRITICA TEATRAL | ||
| 655 | _aLITERATURA | ||
| 700 | 1 |
_aGrass, Milena _etraductor |
|
| 800 | 1 |
_aToro, Fernando de _edirector |
|
| 800 | 1 |
_aToro, Alfonso de _edirector |
|
| 942 | _cBK | ||
| 998 | _cMARTIN | ||
| 999 |
_c8039 _d8039 |
||